Análisis de resonancia por efecto de onda larga en la dársena de Puerto Moín
Tallennettuna:
| Päätekijä: | |
|---|---|
| Aineistotyyppi: | Kirja |
| Kieli: | Spanish |
| Julkaistu: |
[San José ], Costa Rica
2017
|
| Aiheet: | |
| Tagit: |
Lisää tagi
Ei tageja, Lisää ensimmäinen tagi!
|
MARC
| LEADER | 00000nam a22000007a 4500 | ||
|---|---|---|---|
| 003 | 012815 | ||
| 005 | 20221231144255.0 | ||
| 008 | 180117b2017 cr a|||| |m|| 00| ||spa d | ||
| 040 | |c cru CEDI | ||
| 090 | |a TFG 7966 | ||
| 100 | |9 10833 |a Alfaro Corrales, Luis Felipe | ||
| 245 | |a Análisis de resonancia por efecto de onda larga en la dársena de Puerto Moín | ||
| 260 | |a [San José ], Costa Rica |c 2017 | ||
| 300 | |a vi, 120 hojas ; ilustraciones a color | ||
| 500 | |a Proyecto de graduación (licenciatura en ingeniería civil)--Universidad de Costa Rica. Facultad de Ingeniería. Escuela de Ingeniería Civil | ||
| 650 | |x ONDAS - INVESTIGACIONES |x ONDAS - MOIN (LIMON, COSTA RICA) |x MAREAS - COSTA RICA |x PUERTO MOÍN (COSTA RICA) |9 10834 | ||
| 942 | |c TFG | ||
| 999 | |c 19432 |d 19432 | ||
